00667nam a2200229Ia 4500003000900000008004100009040001300050040001300063041000800076100001200084245005400096250001100150260000800161260000900169300001100178300001000189490000600199700001200205942000700217999001700224952019600241IT-RoPAU120407s9999 xx 000 0 und d aIT-RoPAU cIT-RoPAU aita aBerthem aSanta Francesca Romana e il suo tempo (1384-1440) aTorino aSei c1956 a591 p. c22 cm v1 aBontoux cBK c35936d35936 00102ddc406922_40000000000000071aPAULUSbPAULUSd2012-04-11l0o922.4r2012-04-11 00:00:00w2012-04-11yBKzInserito da: Carla In data: 24 ottobre 2011 fondo: Via A.Severo 56 Progr:32104